[Event "TCh-CHN 2017"]
[Site "China CHN"]
[Date "2017.08.20"]
[Round "14.2"]
[Board "1"]
[White "Gao, Rui"]
[Black "Xu, Jun"]
[Result "0-1"]
[WhiteTitle "GM"]
[BlackTitle "GM"]
[WhiteElo "2546"]
[BlackElo "2507"]
[WhiteTeam "Hangzhou"]
[BlackTeam "Jiangsu"]
[WhiteFideId "8602387"]
[BlackFideId "8600031"]
[EventDate "2017.04.18"]

1. e4 e5 2. Nf3 Nc6 3. Bb5 a6 4. Ba4 Nf6 5. d3 Bc5 6. Nc3 b5 7. Bb3 h6 8. Nd5
O-O 9. c3 d6 10. Nxf6+ Qxf6 11. Bd5 Bd7 12. Rg1 h5 13. h3 Rae8 14. g4 hxg4 15.
hxg4 Ne7 16. Bg5 Qg6 17. Bxe7 Rxe7 18. g5 Qh5 19. Kd2 Be6 20. Rh1 Qg6 21. Kc2 f5
22. Nh4 Qxg5 23. Nxf5 Bxd5 24. Rh5 Rxf5 25. Rxg5 Rxg5 26. exd5 Rf7 27. b4 Rxf2+
28. Kb3 Be3 29. a4 Rgg2 30. axb5 axb5 31. Ra8+ Kh7 32. Qb1 Kg6 33. Ra5 Re2 34.
d4+ Kf6 35. dxe5+ Kxe5 36. Rxb5 Bb6 37. Qd1 Rd2 38. Qh5+ g5 39. Qe8+ Kf4 40. Qe6
Rge2 41. Qf6+ Kg4 42. Rxb6 cxb6 43. Qxd6 Kh5 44. Qd7 g4 45. d6 Kh4 46. Qd8+ Kh3
47. Kc4 Re6 48. Qxb6 Rdxd6 49. Qg1 g3 50. Qh1+ Kg4 51. b5 Re2 52. Kc5 Rde6 53.
b6 g2 54. Qd1 Kh3 55. b7 R2e5+ 56. Kc4 Rc6+ 57. Kb3 Rb6+ 58. Kc4 Kh2 59. Qd2 Rf5
60. b8=Q+ Rxb8 61. Qd6+ Kh3 62. Qd3+ Kg4 63. Qe2+ Kg3 64. Qe3+ Rf3 65. Qg5+ Kf2
66. Qd2+ Kg1 67. Qd1+ Kf2 68. Qd4+ Kg3 69. Qg7+ Kh2 70. Qe5+ Rg3 71. Qh5+ Rh3
72. Qe5+ Kh1 73. Qe4 Rc8+ 74. Kd4 Rcxc3 75. Qb7 Rcf3 0-1

[Event "TCh-CHN 2017"]
[Site "China CHN"]
[Date "2017.08.20"]
[Round "14.2"]
[Board "2"]
[White "Ma, Qun"]
[Black "Wei, Yi"]
[Result "1/2-1/2"]
[WhiteTitle "GM"]
[BlackTitle "GM"]
[WhiteElo "2638"]
[BlackElo "2743"]
[WhiteTeam "Hangzhou"]
[BlackTeam "Jiangsu"]
[WhiteFideId "8603154"]
[BlackFideId "8603405"]
[EventDate "2017.04.18"]

1. d4 Nf6 2. c4 g6 3. Nf3 Bg7 4. g3 c6 5. Bg2 d5 6. cxd5 cxd5 7. Nc3 O-O 8. O-O
Ne4 9. Ne5 Bf5 10. Qb3 Nc6 11. Nxc6 bxc6 12. Nxe4 Bxe4 13. Be3 Bxg2 14. Kxg2 c5
15. Rad1 c4 16. Qa3 Qd7 17. b3 Rfc8 18. Rc1 c3 19. Rfd1 Rc6 20. Rc2 Rac8 21. Rd3
Qc7 22. Qc1 e6 23. Bf4 Qa5 24. a3 h5 25. b4 Qb5 26. Rdxc3 Rxc3 27. Rxc3 Rxc3 28.
Qxc3 Qxe2 29. Qe3 Qa6 30. Be5 f6 31. Bf4 g5 32. Bc7 Kf7 33. h3 Qc6 34. Ba5 Qc4
35. Qf3 Kg6 36. Qe3 Qa6 37. h4 g4 38. Bc7 Bh6 39. Bf4 Bxf4 40. Qxf4 Qxa3 41. Qb8
Qf3+ 42. Kg1 Qd1+ 43. Kg2 Qf3+ 44. Kg1 Qd1+ 45. Kg2 Qxd4 46. Qe8+ Kg7 47. Qe7+
Kg6 48. Qe8+ Kg7 49. Qe7+ Kg6 1/2-1/2

[Event "TCh-CHN 2017"]
[Site "China CHN"]
[Date "2017.08.20"]
[Round "14.2"]
[Board "3"]
[White "Bai, Jinshi"]
[Black "Lin, Chen"]
[Result "1/2-1/2"]
[WhiteTitle "GM"]
[BlackTitle "GM"]
[WhiteElo "2556"]
[BlackElo "2477"]
[WhiteTeam "Hangzhou"]
[BlackTeam "Jiangsu"]
[WhiteFideId "8602280"]
[BlackFideId "8602298"]
[EventDate "2017.04.18"]

1. d4 d5 2. c4 c6 3. Nf3 Nf6 4. Nc3 a6 5. c5 Nbd7 6. Bf4 Nh5 7. Bd2 Nhf6 8. Rc1
g6 9. g3 Bg7 10. Bg2 O-O 11. O-O Re8 12. Re1 e5 13. Nxe5 Nxe5 14. dxe5 Rxe5 15.
Na4 Bf5 16. Nb6 Ra7 17. Bc3 Re8 18. Qa4 Qe7 19. Qh4 a5 20. e3 h6 21. Qd4 Qf8 22.
Qd2 Ne4 23. Bxg7 Qxg7 24. Qd4 Nf6 25. Red1 Be4 26. f3 Bf5 27. Rc3 Be6 28. Ra3
Nd7 29. Nxd7 Bxd7 30. Kf2 Be6 31. Qxg7+ Kxg7 32. Rd4 Rb8 33. Rda4 b6 34. cxb6
Rxb6 35. b3 Rb5 1/2-1/2

[Event "TCh-CHN 2017"]
[Site "China CHN"]
[Date "2017.08.20"]
[Round "14.2"]
[Board "4"]
[White "Guo, Qi"]
[Black "Gu, Tianlu"]
[Result "1-0"]
[WhiteTitle "IM"]
[BlackTitle "WIM"]
[WhiteElo "2396"]
[BlackElo "2197"]
[WhiteTeam "Jiangsu"]
[BlackTeam "Hangzhou"]
[WhiteFideId "8604002"]
[BlackFideId "8603995"]
[EventDate "2017.04.18"]

1. d4 d5 2. c4 c6 3. Nf3 Nf6 4. e3 g6 5. Nc3 Bg7 6. Be2 O-O 7. O-O Bg4 8. cxd5
cxd5 9. Qb3 b6 10. Bd2 Ne4 11. Be1 Nxc3 12. Bxc3 Nc6 13. Rfc1 Qd6 14. h3 Bd7 15.
Be1 Rfc8 16. Bd3 Rc7 17. Rc2 Rac8 18. Ba6 Bf5 19. Rc3 Na5 20. Qd1 Rxc3 21. Bxc3
Rc7 22. Bxa5 bxa5 23. Bd3 Bxd3 24. Qxd3 Qb4 25. Rb1 Qc4 26. Qxc4 Rxc4 27. Ne1 f6
28. Rd1 Kf7 29. Kf1 Bf8 30. Ke2 e6 31. Nd3 Bd6 32. Rc1 Rxc1 33. Nxc1 Ke7 34. Kd3
Kd7 35. Kc2 Kc6 36. Ne2 Kb6 37. Kb3 Bc7 38. Ka4 Bd6 39. Nc1 e5 40. a3 exd4 41.
exd4 Bf4 42. Nb3 Bh2 43. Nxa5 Bg1 44. f3 Bxd4 45. b4 Bf2 46. Kb3 Kb5 47. a4+ Kb6
48. Ka3 h5 49. Nb3 f5 50. Nc1 g5 51. Nd3 Bd4 52. Kb3 Kc6 53. b5+ Kb6 54. Kb4 Be3
55. a5+ Kc7 56. Ne5 Kd6 57. Nc6 Bd2+ 58. Ka4 Be3 59. Kb3 Bf2 60. Kc3 Be1+ 61.
Kd3 a6 62. Nd4 axb5 63. Nxb5+ Kc6 64. a6 Bf2 65. Nd4+ Kb6 66. Nxf5 Kxa6 67. Ng7
Kb6 68. Nxh5 Kc5 69. f4 gxf4 70. Nxf4 Kd6 71. Ke2 Bd4 72. Kf3 Bf6 73. Nd3 Ke6
74. g4 Bd8 75. Kg3 Bc7+ 76. Kh4 d4 77. Kg5 Bg3 78. h4 Kd5 79. Nb2 Ke4 80. h5 d3
81. Nxd3 Kxd3 82. Kf5 Be1 83. g5 Bd2 84. g6 Bh6 85. Kf6 Ke4 1-0

[Event "TCh-CHN 2017"]
[Site "China CHN"]
[Date "2017.08.20"]
[Round "14.2"]
[Board "5"]
[White "Shen, Yang"]
[Black "Girya, Olga"]
[Result "1/2-1/2"]
[WhiteTitle "IM"]
[BlackTitle "WGM"]
[WhiteElo "2465"]
[BlackElo "2484"]
[WhiteTeam "Jiangsu"]
[BlackTeam "Hangzhou"]
[WhiteFideId "8603162"]
[BlackFideId "4195752"]
[EventDate "2017.04.18"]

1. d4 d5 2. Nf3 Nf6 3. c4 e6 4. Nc3 a6 5. cxd5 exd5 6. Bg5 Be6 7. e3 Nbd7 8. Be2
Bd6 9. O-O O-O 10. Rc1 Qb8 11. Bf4 c6 12. Bg3 Bxg3 13. hxg3 Bg4 14. a4 a5 15.
Bd3 Qd6 16. Qc2 Rfe8 17. Rfe1 h6 18. Rb1 Re7 19. Nh2 Rae8 20. Qd2 Qb4 21. Qc2
Qd6 22. Qd2 Qb4 23. Qc2 1/2-1/2

[Event "TCh-CHN 2017"]
[Site "China CHN"]
[Date "2017.08.20"]
[Round "14.3"]
[Board "1"]
[White "Andreikin, Dmitry"]
[Black "Wan, Yunguo"]
[Result "1-0"]
[WhiteTitle "GM"]
[BlackTitle "GM"]
[WhiteElo "2712"]
[BlackElo "2486"]
[WhiteTeam "Chongqing"]
[BlackTeam "Hebei"]
[WhiteFideId "4158814"]
[BlackFideId "8603189"]
[EventDate "2017.04.18"]

1. e4 c5 2. Nf3 Nc6 3. d4 cxd4 4. Nxd4 Nf6 5. Nc3 e5 6. Nde2 d6 7. g3 Be6 8. Bg2
Be7 9. h3 O-O 10. Be3 Rc8 11. Qd2 a6 12. g4 b5 13. g5 Nd7 14. h4 Nc5 15. Nd5
Bxd5 16. exd5 Nb8 17. Ng3 f5 18. gxf6 Bxf6 19. O-O-O Nbd7 20. Bh3 e4 21. Bxd7
Qxd7 22. Bxc5 Rxc5 23. Nxe4 Rc4 24. Nxf6+ Rxf6 25. Rde1 h6 26. Re2 Qf5 27. b3
Rf4 28. Qa5 Qxd5 29. Rd1 Qc6 30. Rdd2 Kh7 31. h5 R4f5 32. Kb2 Rxh5 33. Re7 Rhf5
34. Rd3 Rf3 35. Qd2 Rxf2 36. Rg3 Rf7 37. Qxf2 Rxe7 38. Qf5+ Kg8 39. Rc3 1-0

[Event "TCh-CHN 2017"]
[Site "China CHN"]
[Date "2017.08.20"]
[Round "14.3"]
[Board "2"]
[White "Zhou, Weiqi"]
[Black "Zhang, Ziji"]
[Result "1-0"]
[WhiteTitle "GM"]
[WhiteElo "2613"]
[BlackElo "2355"]
[WhiteTeam "Chongqing"]
[BlackTeam "Hebei"]
[WhiteFideId "8601674"]
[BlackFideId "8609470"]
[EventDate "2017.04.18"]

1. d4 d5 2. c4 c6 3. Nf3 Nf6 4. Nc3 dxc4 5. a4 e6 6. e3 c5 7. Bxc4 Nc6 8. O-O
Be7 9. dxc5 Qxd1 10. Rxd1 Bxc5 11. Bd2 O-O 12. Be1 b6 13. Nb5 Nb4 14. Nc7 Rb8
15. Bxb4 Bxb4 16. Ne5 a5 17. Rac1 Bb7 18. Na6 Bxa6 19. Bxa6 Rbd8 20. Rxd8 Rxd8
21. Nc6 Bd2 22. Rc2 Rd7 23. Bb5 Be1 24. Nxa5 Rd8 25. Nb7 Rb8 26. Nd6 Bb4 27.
Rc8+ Rxc8 28. Nxc8 Bc5 29. Kf1 Ne4 30. Ke2 Kf8 31. Na7 Nd6 32. Kd3 f5 33. Bc6
Bb4 34. f4 Bc5 35. b3 Kf7 36. Bf3 b5 37. Nc6 bxa4 38. bxa4 Ke8 39. g4 Kd7 40. g5
Kc7 41. Nd4 Kd7 42. Bd1 Ne8 43. Bb3 Nc7 44. h4 h6 45. Nf3 Bb6 46. Bc4 Ba5 47.
Ne5+ Ke8 48. h5 Bb6 49. Ke2 Ba5 50. Nc6 Bb6 51. a5 Bc5 52. a6 Kd7 53. Ne5+ Ke8
54. Kd3 Bb6 55. e4 fxe4+ 56. Kxe4 Bc5 57. gxh6 gxh6 58. Ng4 Bf8 59. Ke5 Ke7 60.
a7 Bg7+ 61. Ke4 Kd6 62. Bb3 Kc6 63. Bxe6 Kb7 64. Bf7 Nb5 65. Kf5 Kxa7 66. Kg6
Bc3 67. Nxh6 Kb6 68. Ng4 Nd4 69. h6 Ne2 70. f5 Nf4+ 71. Kg5 1-0

[Event "TCh-CHN 2017"]
[Site "China CHN"]
[Date "2017.08.20"]
[Round "14.3"]
[Board "3"]
[White "Wang, Chen"]
[Black "Peng, Hongchi"]
[Result "0-1"]
[WhiteTitle "IM"]
[WhiteElo "2495"]
[BlackElo "2221"]
[WhiteTeam "Chongqing"]
[BlackTeam "Hebei"]
[WhiteFideId "8601020"]
[BlackFideId "8609047"]
[EventDate "2017.04.18"]

1. d4 Nf6 2. Bg5 d5 3. Nf3 c5 4. c3 cxd4 5. Bxf6 exf6 6. Nxd4 Nc6 7. e3 Qb6 8.
Qb3 Bc5 9. Be2 O-O 10. O-O Re8 11. Bf3 Be6 12. Nd2 Rad8 13. Rfd1 Ne5 14. Be2 Bg4
15. Qxb6 Bxb6 16. N4f3 f5 17. Kf1 f6 18. Ng1 f4 19. exf4 Bxe2+ 20. Nxe2 Nd3 21.
Nf3 Nxf2 22. Rd2 Ng4 23. Ned4 Re4 24. g3 Ne3+ 25. Kf2 Rde8 26. b3 Rc8 27. Rc1
Nf5 28. Rcc2 a5 29. a4 h6 30. Kg1 g5 31. fxg5 hxg5 32. h3 Nxg3 33. Kg2 Nh5 34.
Nf5 Nf4+ 35. Kf1 Rc7 36. c4 dxc4 37. Rd6 cxb3 38. Rd8+ Kf7 39. Nd6+ Ke7 40. Re8+
Kxd6 41. Rd2+ Rd4 42. Nxd4 Rc1+ 43. Re1 Rxe1+ 44. Kxe1 Bxd4 45. Rxd4+ Kc5 46.
Rd1 Kb4 47. Kd2 Ka3 48. Rf1 Ka2 49. Rf2 b2 50. Kc3 Nd5+ 51. Kc4 Nb6+ 52. Kd4 0-1

[Event "TCh-CHN 2017"]
[Site "China CHN"]
[Date "2017.08.20"]
[Round "14.3"]
[Board "4"]
[White "Yang, Yijing"]
[Black "Tan, Zhongyi"]
[Result "1/2-1/2"]
[WhiteTitle "WCM"]
[BlackTitle "GM"]
[WhiteElo "2031"]
[BlackElo "2517"]
[WhiteTeam "Hebei"]
[BlackTeam "Chongqing"]
[WhiteFideId "8608601"]
[BlackFideId "8603642"]
[EventDate "2017.04.18"]

1. d4 d6 2. Nf3 Nf6 3. c4 Bg4 4. Nc3 Nbd7 5. e4 e5 6. Be2 Be7 7. O-O O-O 8. Be3
c6 9. d5 c5 10. Ne1 Bxe2 11. Qxe2 Ne8 12. Nd3 Bg5 13. f4 exf4 14. Bxf4 Bxf4 15.
Rxf4 Qe7 16. Re1 f6 17. Rf3 g6 18. a3 Ng7 19. b4 Rac8 20. bxc5 Nxc5 21. Nxc5
Rxc5 22. Nb5 a6 23. Nd4 Rfc8 24. Rc3 Re8 25. Qf2 Qe5 26. Rf1 Rf8 27. Qe3 f5 28.
Nb3 Rc7 29. exf5 Qxe3+ 30. Rxe3 Nxf5 31. Re4 b5 32. cxb5 axb5 33. g4 Rc4 34.
Ref4 Rxf4 35. Rxf4 Ne3 36. Rxf8+ Kxf8 37. Nd4 b4 38. axb4 Ke7 39. g5 Nxd5 40. b5
Nb6 41. Kf2 d5 42. Ke3 Kd6 43. h4 Nc4+ 44. Kd3 Kc5 45. Ne6+ Kxb5 46. Kd4 Kc6 47.
Nf4 Nb6 48. h5 gxh5 49. Nxh5 Nd7 50. Nf4 Nf8 51. Nxd5 Ne6+ 52. Ke5 Nxg5 53. Nf6
h6 54. Kf5 Kd6 55. Kg6 Ke6 56. Kxh6 Kxf6 1/2-1/2

[Event "TCh-CHN 2017"]
[Site "China CHN"]
[Date "2017.08.20"]
[Round "14.3"]
[Board "5"]
[White "Zhai, Mo"]
[Black "Lei, Tingjie"]
[Result "0-1"]
[WhiteTitle "WGM"]
[BlackTitle "GM"]
[WhiteElo "2302"]
[BlackElo "2528"]
[WhiteTeam "Hebei"]
[BlackTeam "Chongqing"]
[WhiteFideId "8600201"]
[BlackFideId "8605114"]
[EventDate "2017.04.18"]

1. d4 d5 2. c4 e6 3. Nf3 Nf6 4. Bg5 h6 5. Bxf6 Qxf6 6. Nc3 c6 7. e3 g6 8. Bd3
Bg7 9. O-O O-O 10. Qe2 Qe7 11. e4 dxe4 12. Nxe4 f5 13. Nc5 b6 14. Nb3 Nd7 15.
Rfe1 Re8 16. c5 bxc5 17. Bc4 Kh8 18. Qxe6 Qxe6 19. Rxe6 Rxe6 20. Bxe6 cxd4 21.
Nfxd4 Nb6 22. Rc1 Bxe6 23. Nxe6 Bxb2 24. Rxc6 Rc8 25. Rxc8+ Nxc8 26. f3 Kg8 27.
Kf2 Kf7 28. Nec5 Ke7 29. Nd3 Bg7 30. Ke3 Nb6 31. Nb4 Kd6 32. Kd3 Nd5 33. Nxd5
Kxd5 34. Na5 Be5 35. h3 Bc7 36. Nb3 Bb6 37. Nd2 Kc5 38. g4 fxg4 39. fxg4 Kb4 40.
Nc4 Bc7 41. Kd4 a5 42. Kd3 a4 43. Kd4 Bd8 44. Kd3 Bf6 45. Nb6 Ka3 46. Nd5 Bh4
47. Kc4 Kb2 48. a3 Kxa3 49. Kc3 Bg3 50. Nb6 Be5+ 51. Kc2 Kb4 52. Nd5+ Kc5 53.
Ne7 Bf6 54. Nxg6 Kc4 0-1

[Event "TCh-CHN 2017"]
[Site "China CHN"]
[Date "2017.08.20"]
[Round "14.4"]
[Board "1"]
[White "Andriasian, Zaven"]
[Black "Zhao, Jun"]
[Result "1/2-1/2"]
[WhiteTitle "GM"]
[BlackTitle "GM"]
[WhiteElo "2585"]
[BlackElo "2604"]
[WhiteTeam "Shenzhen"]
[BlackTeam "Shandong"]
[WhiteFideId "13302000"]
[BlackFideId "8602522"]
[EventDate "2017.04.18"]

1. e4 e6 2. d4 d5 3. Nc3 dxe4 4. Nxe4 Bd7 5. Nf3 Bc6 6. Bd3 Nd7 7. O-O Ngf6 8.
Ng3 Be7 9. Re1 O-O 10. c3 Bd5 11. c4 Bxf3 12. Qxf3 c6 13. b3 Re8 14. Bb2 Qa5 15.
a3 Rad8 16. b4 Qc7 17. Bc3 Bf8 18. Rad1 a6 19. a4 b5 20. d5 bxc4 21. dxc6 cxd3
22. cxd7 Nxd7 23. Rxd3 Nb6 24. Nh5 Rxd3 25. Qxd3 Rd8 26. Qf3 Nd5 27. Be5 Qc4 28.
h3 f6 29. Bg3 e5 30. Re4 Qc7 31. Bh4 Qf7 32. b5 axb5 33. axb5 Rb8 34. Rg4 Kh8
35. Qb3 Rd8 36. b6 Qxh5 37. b7 Qe8 38. b8=Q Rxb8 39. Qxd5 Rd8 40. Qf3 Qd7 41.
Kh2 Re8 42. Rc4 h6 43. g4 Qf7 44. Ra4 Kg8 45. Bg3 Bc5 46. h4 Bd4 47. h5 Bc5 48.
Qe4 Bf8 49. Qf3 Rd8 50. Qe4 Qd7 51. Qc4+ Kh8 52. Qe4 Qd2 53. Ra8 Rxa8 54. Qxa8
Kg8 55. Qc6 Qa2 56. Kg2 Kf7 57. Qb7+ Be7 58. Qe4 Qb3 59. Qg6+ Kf8 60. Qe4 Qe6
61. Qa8+ Kf7 62. Qe4 Bc5 63. Qb7+ Be7 64. Qe4 Qd7 65. Qc4+ Kf8 66. Qe4 Bc5 67.
Qa8+ Ke7 68. Qe4 Bd6 69. Kh2 Kf8 1/2-1/2

[Event "TCh-CHN 2017"]
[Site "China CHN"]
[Date "2017.08.20"]
[Round "14.4"]
[Board "2"]
[White "Wang, Hao"]
[Black "Bu, Xiangzhi"]
[Result "0-1"]
[WhiteTitle "GM"]
[BlackTitle "GM"]
[WhiteElo "2709"]
[BlackElo "2730"]
[WhiteTeam "Shenzhen"]
[BlackTeam "Shandong"]
[WhiteFideId "8602883"]
[BlackFideId "8601445"]
[EventDate "2017.04.18"]

1. e4 c5 2. Nf3 Nc6 3. d4 cxd4 4. Nxd4 g6 5. c4 Bg7 6. Be3 Nf6 7. Nc3 O-O 8. Be2
d6 9. O-O Bd7 10. Qd2 Nxd4 11. Bxd4 Bc6 12. f3 a5 13. b3 Nd7 14. Be3 Nc5 15.
Rab1 Qb6 16. Rfc1 Rfc8 17. Bf1 Qb4 18. Qb2 Qb6 19. Kh1 Qd8 20. Qd2 e6 21. Bg5
Qf8 22. Rd1 h6 23. Be3 Rd8 24. a3 Nd7 25. b4 axb4 26. axb4 Ne5 27. Rb3 Rdc8 28.
h3 g5 29. Be2 Qe7 30. Qxd6 Qxd6 31. Rxd6 Ra1+ 32. Bg1 Nxc4 33. Bxc4 Ba4 34. Bxe6
fxe6 35. Nxa4 Rcc1 36. Rxe6 Rxg1+ 37. Kh2 h5 38. Kg3 Ra2 39. Nb2 Bxb2 40. Kh2
Raa1 41. Kg3 Kf7 0-1

[Event "TCh-CHN 2017"]
[Site "China CHN"]
[Date "2017.08.20"]
[Round "14.4"]
[Board "3"]
[White "Liu, Qingnan"]
[Black "Wen, Yang"]
[Result "1/2-1/2"]
[WhiteTitle "GM"]
[BlackTitle "GM"]
[WhiteElo "2522"]
[BlackElo "2605"]
[WhiteTeam "Shenzhen"]
[BlackTeam "Shandong"]
[WhiteFideId "8603294"]
[BlackFideId "8602956"]
[EventDate "2017.04.18"]

1. e4 e5 2. Nf3 Nc6 3. Bb5 Nf6 4. O-O Nxe4 5. Re1 Nd6 6. Nxe5 Be7 7. Bf1 Nf5 8.
c3 Nxe5 9. Rxe5 d6 10. Re1 O-O 11. d4 d5 12. Bf4 Bd6 13. Qf3 Nh4 14. Qg3 Nf5 15.
Qf3 Nh4 16. Qg3 Nf5 17. Qf3 Nh4 1/2-1/2

[Event "TCh-CHN 2017"]
[Site "China CHN"]
[Date "2017.08.20"]
[Round "14.4"]
[Board "4"]
[White "Zhang, Xiaowen"]
[Black "Huang, Qian"]
[Result "1/2-1/2"]
[WhiteTitle "WGM"]
[BlackTitle "WGM"]
[WhiteElo "2332"]
[BlackElo "2438"]
[WhiteTeam "Shandong"]
[BlackTeam "Shenzhen"]
[WhiteFideId "8603219"]
[BlackFideId "8602689"]
[EventDate "2017.04.18"]

1. e4 c5 2. Nf3 d6 3. d4 cxd4 4. Nxd4 Nf6 5. Nc3 a6 6. Be2 e5 7. Nb3 Be7 8. O-O
O-O 9. Be3 Be6 10. Nd5 Nbd7 11. Qd3 Bxd5 12. exd5 Nc5 13. Nxc5 dxc5 14. c4 Bd6
15. Qf5 Re8 16. Bg5 h6 17. Bxf6 Qxf6 18. Qxf6 gxf6 19. f3 f5 20. Rae1 e4 21.
fxe4 Rxe4 22. Bd3 Rxe1 23. Rxe1 f4 24. Kf2 Kf8 25. Kf3 Re8 26. Rxe8+ Kxe8 27.
Kg4 f3 28. gxf3 Bxh2 29. Kh5 Bf4 30. Kg4 Bd6 31. Kh5 Bf4 32. Kg4 1/2-1/2

[Event "TCh-CHN 2017"]
[Site "China CHN"]
[Date "2017.08.20"]
[Round "14.4"]
[Board "5"]
[White "Zhang, Lanlin"]
[Black "Liu, Shilan"]
[Result "1-0"]
[BlackTitle "WGM"]
[WhiteElo "2183"]
[BlackElo "2083"]
[WhiteTeam "Shandong"]
[BlackTeam "Shenzhen"]
[WhiteFideId "8608032"]
[BlackFideId "8600279"]
[EventDate "2017.04.18"]

1. e4 c5 2. Nf3 d6 3. d4 cxd4 4. Nxd4 Nf6 5. Nc3 Nc6 6. Be2 e5 7. Nb3 Be7 8. O-O
O-O 9. Kh1 a5 10. a4 Nb4 11. Bg5 Be6 12. f4 Rc8 13. f5 Bc4 14. Bxc4 Rxc4 15.
Bxf6 Bxf6 16. Qe2 Rc6 17. Rad1 b6 18. Na1 Qc8 19. Nb5 Qb8 20. c3 Na6 21. Nb3 Rd8
22. Rd5 Nc7 23. Rd3 Nxb5 24. axb5 Rc7 25. Rfd1 Be7 26. Nd2 Rdc8 27. Nf1 Rc4 28.
Qf3 Qb7 29. Ne3 R4c5 30. Nd5 f6 31. Qh5 Bf8 32. Rh3 h6 33. Qg6 Qf7 34. Qg4 Kh8
35. Qe2 Qb7 36. Rg3 Qf7 37. Nxb6 Rb8 38. b4 axb4 39. cxb4 Rxb6 40. bxc5 dxc5 41.
Rd5 Rb8 42. h3 Qa7 43. Qc4 Qa1+ 44. Kh2 Qa5 45. Rd7 Qxb5 46. Qf7 1-0

[Event "TCh-CHN 2017"]
[Site "China CHN"]
[Date "2017.08.20"]
[Round "14.5"]
[Board "1"]
[White "Wang, Tongsen"]
[Black "Moiseenko, Alexander"]
[Result "0-1"]
[BlackTitle "GM"]
[WhiteElo "2395"]
[BlackElo "2667"]
[WhiteTeam "Qingdao"]
[BlackTeam "Chengdu"]
[WhiteFideId "8608067"]
[BlackFideId "14102560"]
[EventDate "2017.04.18"]

1. e4 c5 2. Nf3 Nc6 3. Bb5 g6 4. O-O Bg7 5. Re1 e5 6. Nc3 Nge7 7. Bc4 O-O 8. d3
d6 9. Bg5 h6 10. Bxe7 Nxe7 11. Nd2 Kh7 12. Nd5 f5 13. Nxe7 Qxe7 14. exf5 Rxf5
15. Nf1 Bd7 16. Ne3 Rh5 17. Bd5 Qh4 18. Nf1 Rf8 19. Qd2 Rhf5 20. Re2 Bc6 21. Be4
R5f7 22. c4 h5 23. Qc2 Bh6 24. b3 Kg7 25. Qb2 Kh7 26. Qc2 Qf6 27. a3 Bd7 28. Bd5
Be6 29. Ng3 Bxd5 30. cxd5 Rd7 31. Ne4 Qf7 32. Qc4 g5 33. b4 b6 34. Qb5 Rfd8 35.
Rb1 g4 36. a4 Kg7 37. bxc5 bxc5 38. Qc6 Rc7 39. Nxd6 Rxc6 40. Nxf7 Rxd5 41. Nxe5
Re6 42. Rbe1 Bg5 43. g3 Bf6 44. Nc4 Rxe2 45. Rxe2 Rxd3 46. Rc2 Bd4 47. Kg2 Kf6
48. h3 Ke6 49. hxg4 hxg4 50. Ne3 Bxe3 51. fxe3 Kd5 52. e4+ Kd4 53. Re2 Rf3 54.
e5 Rf7 55. e6 Re7 56. Kf2 Kd5 57. Rd2+ Kxe6 58. Rd8 Kf5 59. Rf8+ Ke4 60. Rf4+
Kd3 61. Rxg4 c4 62. Rg8 c3 63. Rd8+ Kc4 64. Rc8+ Kb3 65. g4 Re5 66. Kf3 c2 0-1

[Event "TCh-CHN 2017"]
[Site "China CHN"]
[Date "2017.08.20"]
[Round "14.5"]
[Board "2"]
[White "Ma, Zhonghan"]
[Black "Zhao, Yuanhe"]
[Result "1-0"]
[WhiteTitle "IM"]
[WhiteElo "2471"]
[BlackElo "2394"]
[WhiteTeam "Qingdao"]
[BlackTeam "Chengdu"]
[WhiteFideId "8607206"]
[BlackFideId "8609497"]
[EventDate "2017.04.18"]

1. d4 d5 2. c4 c6 3. Nf3 Nf6 4. e3 e6 5. Nbd2 Nbd7 6. Bd3 Bd6 7. e4 dxe4 8. Nxe4
Nxe4 9. Bxe4 O-O 10. O-O h6 11. Re1 e5 12. Bc2 exd4 13. Qxd4 Bc5 14. Qc3 Qb6 15.
Bxh6 gxh6 16. Re4 f5 17. Re6 Kh7 18. Rd1 Qb4 19. Ng5+ hxg5 20. Bxf5+ Rxf5 21.
Qh3+ Kg8 22. Rg6+ Kf7 23. Qxf5+ Ke8 24. Qxg5 Be7 25. Rg8+ Bf8 26. h4 Qe7 27. Qf5
Qc5 28. Re1+ Qe7 29. Rxe7+ Kxe7 30. Qg5+ Kf7 31. Qg6+ Ke7 32. h5 1-0

[Event "TCh-CHN 2017"]
[Site "China CHN"]
[Date "2017.08.20"]
[Round "14.5"]
[Board "3"]
[White "Xu, Zhihang"]
[Black "Liu, Guanchu"]
[Result "1/2-1/2"]
[WhiteTitle "FM"]
[BlackTitle "IM"]
[WhiteElo "2373"]
[BlackElo "2462"]
[WhiteTeam "Qingdao"]
[BlackTeam "Chengdu"]
[WhiteFideId "8611572"]
[BlackFideId "8603901"]
[EventDate "2017.04.18"]

1. d4 e6 2. Nf3 Nf6 3. c4 b6 4. a3 Bb7 5. Nc3 d5 6. cxd5 Nxd5 7. e3 Be7 8. Bb5+
c6 9. Bd3 c5 10. Bb5+ Bc6 11. Bd3 cxd4 12. exd4 O-O 13. O-O Nd7 14. Ne4 N5f6 15.
Qe2 Bxe4 16. Bxe4 Nxe4 17. Qxe4 Nf6 18. Qb7 Nd5 19. Bd2 Qe8 20. Qa6 Qc8 21. Qxc8
Rfxc8 22. Rfc1 f6 23. h4 h6 24. Kf1 g5 25. hxg5 hxg5 26. Ke2 Kf7 27. g4 Bd6 28.
Be3 Rh8 29. Rh1 Rac8 30. Kd3 Nf4+ 31. Bxf4 Bxf4 32. Rae1 Rcd8 33. Kc4 Rc8+ 34.
Kd3 b5 35. Rd1 Ke7 36. Rxh8 Rxh8 37. Ke4 Rc8 38. Ne1 Rc4 39. Nd3 Bc7 40. Rc1
Rxc1 41. Nxc1 Bb6 42. Nd3 Kd6 43. f4 gxf4 44. Nxf4 f5+ 45. gxf5 exf5+ 46. Kd3
Bd8 47. Ne2 Bg5 48. Ng3 Ke6 49. Ne2 a6 50. b3 Kd5 51. Nc3+ Kc6 52. Ne2 Be7 53.
a4 Bd6 54. d5+ Kxd5 55. axb5 a5 56. Nd4 f4 57. Nf3 Kc5 58. Nd4 Kd5 59. Nf3 Bc7
60. Nd4 Bb6 61. Nf3 Kc5 62. Ke4 Kb4 63. Nd2 Kxb5 64. Kxf4 Kb4 65. Nc4 Kxb3 66.
Nxa5+ Bxa5 1/2-1/2

[Event "TCh-CHN 2017"]
[Site "China CHN"]
[Date "2017.08.20"]
[Round "14.5"]
[Board "4"]
[White "Lagno, Kateryna"]
[Black "Sun, Fanghui"]
[Result "1-0"]
[WhiteTitle "GM"]
[WhiteElo "2547"]
[BlackElo "2126"]
[WhiteTeam "Chengdu"]
[BlackTeam "Qingdao"]
[WhiteFideId "14109336"]
[BlackFideId "8604150"]
[EventDate "2017.04.18"]

1. e4 c5 2. Nf3 d6 3. d4 cxd4 4. Nxd4 Nf6 5. Nc3 a6 6. a3 e5 7. Nf5 Bxf5 8. exf5
d5 9. Bg5 d4 10. Ne4 Be7 11. Bxf6 Bxf6 12. Bc4 Nc6 13. Qh5 Rf8 14. Qxh7 Qa5+ 15.
Kf1 O-O-O 16. Qh5 Nb4 17. Qe2 Nd5 18. g3 Kb8 19. Kg2 g6 20. Qf3 Bg7 21. f6 Bh6
22. Rad1 Qc7 23. Bb3 Qc6 24. h4 Rfe8 25. Rhe1 a5 26. c3 a4 27. Ba2 dxc3 28. Nxc3
Nxc3 29. Qxc6 bxc6 30. bxc3 g5 31. Bxf7 Rxd1 32. Rxd1 Rf8 33. Rd7 gxh4 34. gxh4
Bc1 35. Kf3 Bxa3 36. Ke4 Bb2 37. h5 a3 38. h6 Bxc3 39. h7 Kc8 40. Be6 1-0

[Event "TCh-CHN 2017"]
[Site "China CHN"]
[Date "2017.08.20"]
[Round "14.5"]
[Board "5"]
[White "Nie, Xin"]
[Black "Hong, Xing"]
[Result "1/2-1/2"]
[WhiteElo "2154"]
[BlackElo "2017"]
[WhiteTeam "Chengdu"]
[BlackTeam "Qingdao"]
[WhiteFideId "8605610"]
[BlackFideId "8606129"]
[EventDate "2017.04.18"]

1. d4 Nf6 2. c4 e5 3. dxe5 Ng4 4. Nf3 Bc5 5. e3 Nc6 6. a3 a5 7. b3 O-O 8. Bb2
Re8 9. Be2 Ngxe5 10. O-O Nxf3+ 11. Bxf3 Ne5 12. Nc3 Ra6 13. Ne4 Bf8 14. Ng3 Qh4
15. Be2 Rh6 16. h3 d6 17. Qd4 Qe7 18. e4 Qh4 19. Nf5 Bxf5 20. exf5 Qd8 21. f4
Nd7 22. Bf3 d5 23. Kh1 dxc4 24. Qxc4 c6 25. Rad1 Qc7 26. Rfe1 Rxe1+ 27. Rxe1 Qd8
28. Rd1 Qc7 29. Qe4 Rd6 30. Re1 Nc5 31. Qc2 Nd3 32. Re3 Nxb2 33. Qxb2 Rd8 34.
Re4 Qd6 35. a4 Be7 36. Qe2 Bf8 37. Re5 Qb4 38. Qe3 Bd6 39. Re4 Qc5 40. Qxc5 Bxc5
41. Be2 Kf8 42. Bc4 Rd4 1/2-1/2